Cuentos premiados Casa de Teatro 1994 / (Registro nro. 7590)

Detalles MARC
000 -LIDER
fixed length control field 01761nam a2200289 a 4500
001 - NÚMERO DE CONTROL
Identificador de número de control 000012402
003 - IDENTIFICACDOR DE NÚMERO DE CONTROL
control field DO-SdBNP
005 - DATE AND TIME OF LATEST TRANSACTION
control field 20171002140017.0
007 - CAMPOS FIJOS DE DESCRIPCIÓN FÍSICA
fixed length control field 000012402
008 - ELEMENTOS DE LONGITUD FIJA
fixed length control field 091112s1994 dr a 000 j spa d
040 ## - FUENTE DE CATALOGACIÓN
Agencia que crea de manera original el registro BPMSU
Idioma de catalogación spa
Agencia que realiza la transcripción BPMSU
082 04 - NÚMERO DE CLASIFICACIÓN DECIMAL DE DEWEY
Classification number RD863.5
Item number P925c, 1994
111 2# - ASIENTO PRINCIPAL--NOMBRE DE REUNIÓN O CONFERENCIA
Nombre de reunión o jurisdicción como elemento de entrada Premio Casa de Teatro
Fecha de la reunión (1994 :
Lugar de la reunión Santo Domingo)
245 10 - MENCIÓN DE TITULO
Título Cuentos premiados Casa de Teatro 1994 /
Mención de responsabilidad edición José Mármol
246 13 - VARIACION DEL TÍTULO
Título propiamente dicho o título corto Concurso de cuentos Casa de Teatro 1994
260 ## - PUBLICACIÓN, DISTRIBUCIÓN, ETC. (PIE DE IMPRENTA)
Lugar de publicación, distribución, etc Santo Domingo :
Nombre del editor, distribuidor, etc. Taller,
Fecha de publicación, distribución, etc 2001.
300 ## - DESCRIPCIÓN FÍSICA
Extensión 125 p. :
Otros detalles físicos il. ;
Dimensiones 21 cm.
505 0# - NOTA DE CONTENIDO
Texto normalizado de contenido Primer premio -- "Luz de sueños" /
Mención de responsabilidad Antonio Luis Veras- Seudonimo: Azul y negro --
Título Segundo premio -- "La impecable visión de la inocencia" /
Mención de responsabilidad Pedro Camilo - Seudonimo: Don Yorgos Seferis --
Título Tercer premio -- "Quizás con las nubes de la tarde" /
Mención de responsabilidad José Acosta - Seudonimo: Tertius --
Título Menciones -- "Macho blusa" /
Mención de responsabilidad Jeannette Miller - Seudonimo: Soprano --
Título "Las ñiñas que comían cerezas para espantar la muerte"/
Mención de responsabilidad Pastor de Moya - Seudonimo: Ystad --
Título "Un día en la ciudad" /
Mención de responsabilidad Juan Dicent Ortiz - Seudonimo: Treviranus --
Título "Los gatos, fetiches y otras orgías malditas" /
Mención de responsabilidad Roberto ortiz - Seudonimo: El extranjero --
Título "El compromiso"/
Mención de responsabilidad Blanca Kais Barinas - Seudonimo: Flor de palma --
Título "En busca de ella" /
Mención de responsabilidad Liliana Arendar - Seudonimo: Lía Caldas --
Título "La otra versión del sueño" /
Mención de responsabilidad Roberto Sánchez - Seudonimo: Pablo Carpentier.
650 #4 - ENCABEZAMIENTO DE MATERIA--TEMÁTICO
Término temático o nombre geográfico como elemento de entrada CUENTOS DOMINICANOS
650 #4 - ENCABEZAMIENTO DE MATERIA--TEMÁTICO
Término temático o nombre geográfico como elemento de entrada LITERATURA DOMINICANA
700 1# - ASIENTO SECUNDARIO -- NOMBRE PERSONAL
Nombre personal Mármol, José
Mención de responsabilidad ed.
710 2# - ASIENTO SECUNDARIO -- NOMBRE CORPORATIVO
Nombre corporativo o de jurisdicción Casa de Teatro (República Dominicana)
910 ## - VALIDACIÓN
Validación Validado. Control de calidad MFF
942 ## - ADDED ENTRY ELEMENTS (KOHA)
Source of classification or shelving scheme Dewey Decimal Classification
Koha item type Libros
945 ## - INFORMACIÓN DE PROCESAMIENTO LOCAL
Información de procesamiento local Título remanejado para BNPHU / 2017 VM
956 ## - LOCAL ELECTRONIC LOCATION AND ACCESS (OCLC)
Nombre de host VMATEO
Número de acceso 10
Información de compresión 20150327
Inicio de sesión BPMSU
Procesador de solicitud 00151
Existencias
Withdrawn status Lost status Source of classification or shelving scheme Damaged status Not for loan Collection code Home library Current library Date acquired Total Checkouts Full call number Barcode Date last seen Price effective from Koha item type
    Dewey Decimal Classification     Colección Dominicana Biblioteca Pública Metropolitana Salomé Ureña Biblioteca Pública Metropolitana Salomé Ureña 03/27/2015   RD863.5 P925c 1994 BPMSU15040341 03/27/2015 03/27/2015 Libros